<?xml version="1.0" encoding="UTF-8"?>
<record
    xmlns:xsi="http://www.w3.org/2001/XMLSchema-instance"
    xsi:schemaLocation="http://www.loc.gov/MARC21/slim http://www.loc.gov/standards/marcxml/schema/MARC21slim.xsd"
    xmlns="http://www.loc.gov/MARC21/slim">

  <leader>00665nam a22001817a 4500</leader>
  <controlfield tag="005">20231116103537.0</controlfield>
  <datafield tag="010" ind1=" " ind2=" ">
    <subfield code="a">HIN-126273</subfield>
  </datafield>
  <datafield tag="020" ind1=" " ind2=" ">
    <subfield code="a">9789391913168</subfield>
    <subfield code="c">250.00</subfield>
  </datafield>
  <datafield tag="035" ind1=" " ind2=" ">
    <subfield code="a">HN-98619</subfield>
  </datafield>
  <datafield tag="037" ind1=" " ind2=" ">
    <subfield code="b">DBAD/PUB</subfield>
  </datafield>
  <datafield tag="082" ind1=" " ind2=" ">
    <subfield code="a">&#x909; </subfield>
  </datafield>
  <datafield tag="100" ind1=" " ind2=" ">
    <subfield code="a">&#x92E;&#x93E;&#x925;&#x941;&#x930;,&#x92A;&#x94D;&#x930;&#x92D;&#x93E; </subfield>
    <subfield code="9">58743</subfield>
  </datafield>
  <datafield tag="245" ind1=" " ind2=" ">
    <subfield code="a">&#x905;&#x928;&#x928;&#x94D;&#x924; &#x915;&#x940; &#x914;&#x930;/ </subfield>
    <subfield code="c">&#x92A;&#x94D;&#x930;&#x92D;&#x93E; &#x92E;&#x93E;&#x925;&#x941;&#x930; </subfield>
  </datafield>
  <datafield tag="260" ind1=" " ind2=" ">
    <subfield code="a">&#x915;&#x93E;&#x928;&#x92A;&#x942;&#x930; </subfield>
    <subfield code="b">&#x905;&#x92E;&#x928; &#x92A;&#x94D;&#x930;&#x915;&#x93E;&#x938;&#x928; </subfield>
    <subfield code="c">2021 </subfield>
  </datafield>
  <datafield tag="270" ind1=" " ind2=" ">
    <subfield code="a">104 - &#x90F; / 80 &#x938;&#x940; &#x930;&#x93E;&#x92E;&#x92C;&#x93E;&#x917; , &#x915;&#x93E;&#x928;&#x92A;&#x942;&#x930; </subfield>
    <subfield code="b">&#x915;&#x93E;&#x928;&#x92A;&#x942;&#x930;  </subfield>
    <subfield code="e">208012</subfield>
  </datafield>
  <datafield tag="300" ind1=" " ind2=" ">
    <subfield code="a">112 &#x92A;&#x943;&#x937;&#x94D;&#x920;</subfield>
    <subfield code="c">22 cm (&#x938;&#x91C;&#x93F;&#x932;&#x94D;&#x926;) </subfield>
  </datafield>
  <datafield tag="942" ind1=" " ind2=" ">
    <subfield code="c">HN</subfield>
    <subfield code="h">&#x909; </subfield>
    <subfield code="2">ddc</subfield>
    <subfield code="m">&#x92E;&#x93E;&#x925;&#x941;&#x930;  </subfield>
  </datafield>
  <datafield tag="999" ind1=" " ind2=" ">
    <subfield code="c">198997</subfield>
    <subfield code="d">198997</subfield>
  </datafield>
  <datafield tag="952" ind1=" " ind2=" ">
    <subfield code="0">0</subfield>
    <subfield code="1">0</subfield>
    <subfield code="4">0</subfield>
    <subfield code="7">0</subfield>
    <subfield code="8">FIC</subfield>
    <subfield code="a">BN</subfield>
    <subfield code="b">BN</subfield>
    <subfield code="d">2023-11-07</subfield>
    <subfield code="e">DBAD/PUB</subfield>
    <subfield code="g">250.00</subfield>
    <subfield code="l">0</subfield>
    <subfield code="o">&#x909;  &#x92E;&#x93E;&#x925;&#x941;&#x930;  </subfield>
    <subfield code="p">hn-98619</subfield>
    <subfield code="r">2023-11-08 00:00:00</subfield>
    <subfield code="t">1</subfield>
    <subfield code="v">250.00</subfield>
    <subfield code="w">2023-11-08</subfield>
    <subfield code="y">HN</subfield>
  </datafield>
</record>
